MARC

LEADER 00000nam0a2200000 4500
001 262095
005 20231101233624.0
010 |a 5020138630 
035 |a (RuTPU)RU\TPU\book\285077 
090 |a 262095 
100 |a 20140529d1988 km y0rusy50 ca 
101 0 |a rus 
102 |a RU 
105 |a a z 001zy 
200 1 |a Современная астрономическая оптика  |f Г. М. Попов 
210 |a Москва  |c Наука  |d 1988 
215 |a 192 с.  |c ил. 
320 |a Библиогр.: с. 185-189. 
606 1 |a Астрономическая оптика  |2 stltpush  |3 (RuTPU)RU\TPU\subj\29554  |9 52853 
610 1 |a изображения 
610 1 |a дифракционная теория 
610 1 |a оптические поверхности 
610 1 |a линзы 
610 1 |a объективы 
610 1 |a зеркала 
610 1 |a сферическая аберрация 
610 1 |a зеркально-линзовые системы 
610 1 |a космическая оптика 
675 |a 520.2  |v 3 
700 1 |a Попов  |b Г. М.  |g Геннадий Михайлович 
801 1 |a RU  |b 63413507  |c 20140529 
801 2 |a RU  |b 63413507  |c 20150324  |g RCR 
942 |c BK